Scientific Ideas in THE QUR'AN: (Record no. 204617)

MARC details
000 -LEADER
fixed length control field 00641nam a22002057a 4500
005 - DATE AND TIME OF LATEST TRANSACTION
control field 20240814110704.0
010 ## - LCCN (DPL NO)
LC control number ENG-141076
020 ## - INTERNATIONAL STANDARD BOOK NUMBER
International Standard Book Number 9798888330609
Terms of availability 599.00
035 ## - SYSTEM CONTROL NUMBER
System control number EN-124608
037 ## - SOURCE OF ACQUISITION
Source of stock number/acquisition DBAD
082 ## - DEWEY DECIMAL CLASSIFICATION NUMBER
Classification number 270.2
100 ## - MAIN ENTRY--PERSONAL NAME
Personal name Chaudhuary, Abdul Hassan
245 ## - TITLE STATEMENT
Title Scientific Ideas in THE QUR'AN:
Remainder of title A Modern Outlook/
Statement of responsibility, etc By Abdul Hassan Chaudhury
260 ## - PUBLICATION, DISTRIBUTION, ETC. (IMPRINT)
Place of publication, distribution, etc Chennai
Name of publisher, distributor, etc Notion Press, Chennai
Date of publication, distribution, etc 2022
270 ## - ADDRESS
Address 7, Red Cross Rd Egmore
City Chennai
Postal code 600008
300 ## - PHYSICAL DESCRIPTION
Extent 373p.
Dimensions 23cm (pbk)
650 ## - SUBJECT ADDED ENTRY--TOPICAL TERM
Topical term or geographic name as entry element Biography
700 ## - ADDED ENTRY--PERSONAL NAME
Personal name Gore, Madhav Sadashiv
9 (RLIN) 10217
942 ## - ADDED ENTRY ELEMENTS (KOHA)
Source of classification or shelving scheme Dewey Decimal Classification
Item type English Books
Classification part 270.2
Call number suffix HAS
Holdings
Withdrawn status Lost status Not for loan Collection code Home library Current library Date acquired Source of acquisition Cost, normal purchase price Full call number Barcode Copy number Cost, replacement price Koha item type
      Non-fiction Patel Nagar Patel Nagar 30/07/2024 DBAD 599.00 270.2 HAS EN-124608 1 599.00 English Books

© Delhi Public Library
Hit Counter
free hit counter